00357nam a2200169Ia 4500008004100000041000800041082001000049100001700059245002100076250000900097260001500106300000800121440000700129650002100136906000900157999002100166240830s1901 xx 000 0 und d aeng a891.2 aS.K. DEVDHAR aATHRVED PART - 4 a1 ST bN.D.c1901 a85p vIV aSANSKRIT SAMHITA aN.D. c1192938d1192938